000 00352nam a2200145Ia 4500
008 230312s9999||||xx |||||||||||||| ||und||
020 _a9789698455996
082 _a891.4
_bHAK-H
100 _aہکیٹر بولتھو
245 0 _aحیاتِ قائداعظم
260 _bJamhori
_apak
_c2012
300 _a301
650 _aLiterature
942 _cBK
999 _c14938
_d14938